Electronic Industries Association of Japan

保存先:
書誌詳細
フォーマット: 図書
言語:Undetermined
出版事項: Tokyo Industry-Related Organizations 1990
主題:
タグ: タグ追加
タグなし, このレコードへの初めてのタグを付けませんか!
Thư viện lưu trữ: Trung tâm Học liệu Trường Đại học Cần Thơ
LEADER 00459nam a2200169Ia 4500
001 CTU_98950
008 210402s9999 xx 000 0 und d
082 |a 621.381 
082 |b E38 
245 0 |a Electronic Industries Association of Japan 
260 |a Tokyo 
260 |b Industry-Related Organizations 
260 |c 1990 
650 |a Electronic industries 
650 |z Japan 
904 |i Năm 
980 |a Trung tâm Học liệu Trường Đại học Cần Thơ